Statistics for Brawl Stars Quiz

Click here to take the quiz!

General Stats

  • This quiz has been taken 156 times
  • The average score is 10 of 15

Answer Stats

QuestionAnswer% Correct
Which brawler has an Umbrella weapon?Piper
93%
What does Tara hold?Cards
85%
Who is one of the Snowtel Trio?Lou
85%
Who says: Who is Flamous now?Amber
81%
What kind of Brawler is Rosa?Heavy-weight
75%
Do you Love Brawl StarsYes
72%
What is the Name of Nita's Bear?Bruce
70%
Which Brawler broke Brawl Stars?Edgar
69%
Did you like this Quiz?Yes
69%
Which brawler was in the "No time to Explain" video?Crow
55%
What is the turret's name in seige?Ike
47%
Which brawler says Nothing?Tara
47%
What Brawler's line translates into (I like it That way)Shelly
44%
What kind of bird is under Dynamike's hat?Canary
42%
What was Colt named after?Samuel Colt
41%

Score Distribution

Percentile by Number Answered

Percent of People with Each Score

Your Score History

You have not taken this quiz